Efecto de la adición de levadura de cerveza pasteurizada y urea sobre la conservación y utilización de paja de cereales en la alimentación de rumiantes /

Guardado en:
Autor Corporativo: Universidad de Lleida. (España). Escuela Técnica Superior de Ingeniería Agraria.
Otros Autores: Laborde, Hugo E. (Disertante), Sanz Parejo, Emiliano. (Orientador)
Formato: Libro
Idioma:Spanish
Publicado: 1997.
Etiquetas: Agregar Etiqueta
Sin Etiquetas, Sea el primero en etiquetar este registro!
LEADER 00917nam a22002055a 4500
001 EEA.libagro005774
005 20161012090425.0
008 130809s1997####sp#a##########000#0#spa#d
082 0 4 |a 664.66 
082 0 4 |a 636.208557 
100 1 |a Laborde, Hugo E.  |4 dis 
245 1 0 |a Efecto de la adición de levadura de cerveza pasteurizada y urea sobre la conservación y utilización de paja de cereales en la alimentación de rumiantes /  |c Hugo Eduardo Laborde. 
260 |c 1997. 
300 |a 124 h. :  |b il. ;  |c 30 cm. 
500 |a Tesis (doctoral)--Universitat de Lleida. Escola Técnica Superior D´Enginyeria Agrària. 1997. 
500 |a "Tesis Doctor Ingeniero Agrónomo". 
500 |a Director de tesis: Emiliano Sanz Parejo. 
700 1 |a Sanz Parejo, Emiliano.  |4 ths 
710 2 |a Universidad de Lleida. (España).  |b Escuela Técnica Superior de Ingeniería Agraria. 
859 |a AR-BbBCA  |b BIB. AGRONOMIA  |h 664.66  |i L123  |p 1998/3118